• 首页
  • 本馆介绍
  • 公告通知
  • 最新文献
  • 馆藏检索
  • 电子资源
  • 读者导购
  • 参考咨询
  • 我的图书馆
  • 登录
  • 详细信息显示
  • 放入我的书架
  • 预约/预借图书
  • 作者相关作品
  • 分类相关作品
  • 丛书相关作品
  • 出版社相关作品

书目信息

  • 表格格式
  • 工作单格式
  • 卡片格式
题名:
金融危机动了谁的饭碗
    
 
作者: 王晗 主编
分册:  
出版信息: 北京   北京邮电大学出版社  2009
页数: 170页
开本: 24cm
丛书名: 宝利嘉文库
单 册:
中图分类: F831.59
科图分类:
主题词: 金融危机--研究--世界 , 金融危机
电子资源:
ISBN: 978-7-5635-2009-1
000 00949oam2 2200277 45
001 1034556523
005 20100319083512.62
010    @a978-7-5635-2009-1@dCNY29.00
100    @a20100311d2009 ekmy0chiy0120 ea
101 0  @achi
102    @aCN@b110000
105    @ay z 000yy
106    @ar
200 1  @a金融危机动了谁的饭碗@AJin Rong Wei Ji Dong Liao Shui De Fan Wan@dWhose cheese was moved by financial crisis@f王晗主编@FWang Han Zhu Bian@zeng
210    @a北京@c北京邮电大学出版社@d2009
215    @a170页@d24cm
225 2  @a宝利嘉文库
330    @a本书介绍了如何在金融危机中保卫自己的饭碗,如何安置家庭生活,如何管理财产,如何应对可能的变局等。
461  0 @12001 @a宝利嘉文库
510 1  @aWhose cheese was moved by financial crisis@zeng
606 0  @a金融危机@x研究@y世界
606 0  @a金融危机
690    @aF831.59@v4
701  0 @a王晗@AWang Han@4主编
801  0 @aCN@bTANGWEI@c20100319
905    @b0586228-30@dF831.59@e38@f3
    
    金融危机动了谁的饭碗=Whose cheese was moved by financial crisis/王晗主编.-北京:北京邮电大学出版社,2009
    170页;24cm.-(宝利嘉文库)
    
    
    ISBN 978-7-5635-2009-1:CNY29.00
    本书介绍了如何在金融危机中保卫自己的饭碗,如何安置家庭生活,如何管理财产,如何应对可能的变局等。
●
相关链接 在E读中查询图书 在五车中查询图书 在当当中查询图书 在豆瓣中查询图书


正题名:金融危机动了谁的饭碗     索取号:F831.59/38         预约/预借

序号 登录号 条形码 馆藏地/架位号 状态 备注
1 0586228   205862280   第一样本阅览室/ [索取号:F831.59/38] 在馆    
2 0586229   205862299   第一借阅区/ [索取号:F831.59/38] 在馆    
3 0586230   205862306   第一借阅区/ [索取号:F831.59/38] 在馆    
唐山师范学院图书馆 欢迎您!
大连网信软件有限公司© 版权所有